|
|
|
|
| LEADER |
00000nam a2200000 a 4500 |
| 001 |
UCZ6530 |
| 003 |
CL-VaPUC |
| 008 |
951211e19710000AG |||||||||||||||||spa|d |
| 082 |
0 |
4 |
|a 375
|b COM
|2 21
|
| 100 |
0 |
|
|a Combetta, Oscar Carlos
|e author
|9 350880
|
| 245 |
1 |
0 |
|a Planeamiento curricular
|
| 300 |
|
|
|a 213 p
|
| 942 |
|
|
|c BK
|
| 945 |
|
|
|d 19951211 00:00:00
|a cmena
|
| 260 |
|
|
|a Buenos Aires
|b Losada
|c 1971
|
| 650 |
|
0 |
|a Planificación de la educación
|9 307333
|
| 650 |
|
0 |
|a Currículo
|9 307290
|
| 650 |
|
0 |
|a Alumnos
|9 335074
|
| 650 |
|
0 |
|a Aprendizaje
|9 254827
|
| 650 |
|
0 |
|a Rol del docente
|9 329733
|
| 650 |
|
0 |
|a Métodos de enseñanza
|9 270413
|
| 650 |
|
7 |
|a MATERIAL Y EQUIPO DIDACTICOS
|2 CL-VaPUC
|9 309109
|
| 583 |
|
|
|a last modification
|c 19951211 00:00:00
|k Rodrigo Vera
|
| 999 |
|
|
|c 242729
|d 242727
|
| 952 |
|
|
|0 0
|1 0
|4 0
|6 375_000000000000000_COM_1971
|7 0
|8 P
|9 255862
|a BIBEDU
|b BIBEDU
|c BIBEDU_PB
|d 2019-11-19
|i 1604775
|o 375 COM 1971
|p 1604775
|r 2024-01-25
|w 2019-11-19
|y BK
|k EDU
|
| 952 |
|
|
|0 0
|1 0
|4 0
|6 375_000000000000000_COM_1971
|7 0
|8 P
|9 255863
|a BIBEDU
|b BIBEDU
|c BIBEDU_PB
|d 2019-11-19
|i 160452K
|o 375 COM 1971
|p 160452K
|r 2024-01-25
|w 2019-11-19
|y BK
|k EDU
|